| 000 | 01094nac a22002651u 4500 | ||
|---|---|---|---|
| 090 | _c5087 | ||
| 008 | 081120t2002 xxu||||| |||| 00| 0 eng d | ||
| 010 | _a 2002018945 | ||
| 020 | _a0201797135 (pbk.) | ||
| 035 | _a(DLC) 2002018945 | ||
| 035 | _a(DLC)132 | ||
| 082 | 0 | 0 |
_a003 _bL534 |
| 100 | _aLejk, Mark. | ||
| 245 | 1 | 3 |
_aAn introduction to systems analysis techniques / _cMark Lejk, David Deeks. |
| 250 | _a2nd ed. | ||
| 260 |
_aLondon : _bAddison-Wesley, _cc.2002. |
||
| 300 |
_axiii, 294 p. : _bill. ; _c24 cm. |
||
| 504 | _aIncludes bibliographical references and index. | ||
| 650 | 0 | _aSystem analysis. | |
| 700 | 1 |
_aDeeks, David, _cM. Sc. |
|
| 942 |
_cTB _k003L534 _2ddc |
||
| 999 |
_c5087 _d5087 |
||